000
00322nam a2200133 i 4500
001
bg
245
0
_a
Anglo-russkij slovar' po metalloobrabotke i po detaljam maĊĦin.
260
_a
Moskwa,
_c
1949.
040
_c
BPK
041
_a
pol
080
_a
621.78:62-1/-9
942
_c
KS
008
s pl f |000 0 pol
999
_c
8309
_d
8309